000 00594nam a2200205 a 4500
005 20140310183553.0
008 111015s19uu xx 00 eng d
020 _a9781416606352
050 _aLB 1027.23
_b.F56 2008
100 _aFisher, Douglas
245 _aBetter learning :
_ba framework for the gradual release of responsibility /
_cDouglas Fisher, nancy Frey.
260 _aVirginia, USA :
_bASCD,
_c2008.
300 _a146 p. :
_c23 cm.
521 _aEDU
650 _aActive learning
650 _aTeaching
700 _aFrey, Nancy
942 _cBK
_2lcc
_kFOR
999 _c24984
_d24984